00371nam a22001577a 4500003000500000020001800005038001200023082001800035100002200053245004700075250001200122260003600134300002100170500001500191563000700206NUST a9788126528158 akhadija a621.4021bMOR aMoran, Michael J. aFundamentals of Engineering Thermodynamics a6th ed. aNew Delhi :bJohn Wiley,c2012. a725 p. ;b24 cm. aPaperback. aPB